000 01824nam a2200373 i 4500
001 768714001
003 CO-MdFUSB
005 20250401104505.0
007 ta
008 200521t1991 sp |||| |||| 00| 0 spa d
020 _a8466318453
040 _aCO-MdFUSB
_bspa
_cCO-MdFUSB
_dCO-MdFUSBC
_erda
041 _aspa
_hpor
082 _223
_a869.342
_bSA243
100 _aSaramago, José
_d1922-2010
_eautor
240 _aO Evangelbo segundo Jesus Cristo
245 3 _aEl evangelio según Jesucristo
_c/ José Saramago ; traducido por Basilio Losada
246 _aO Evangelbo segundo Jesus Cristo
264 1 _aMadrid, España :
_bSantillana,
_c[1991]
264 4 _c©1991
300 _c492 páginas ;
_a19 cm
336 _2rdacontent
_atexto
_btxt
337 _2rdamedia
_asin mediación
_bn
338 _2rdacarrier
_avolumen
_bnc
490 _aNarrativa
520 3 _aJosé, en lugar de ser un carpintero sin ningún tipo de inquietud, es recreado por el autor como un personaje complejo y fascinante, atormentado por la culpa y el arrepentimiento por haber preferido salvar a su hijo antes que alertar a la población sobre la intenciones de Herodes.
520 1 _aEl evangelio según Jesucristo, que tanto sorprendió al mundo católico, presenta una visión mundana de los hechos relativos al Nazareno: las circunstancias de su nacimiento, los primeros interrogatorios a su madre, los encuentros con ángeles y demonios, el descubrimiento del amor junto a María de Magdala, los diálogos existenciales y la angustia por saber cuál es el verdadero sentido y función de su existencia ante los ojos de Dios...
563 _aRústico
650 7 _2embne
_92265
_aLiteratura hispanoamericana
653 _aNovela
700 _95130
_aLosada, Basílio,
_etraductor
942 _cBK
945 _aDani
999 _c65895
_d65895